| 000 | 00953cam a2200193 4500 | ||
|---|---|---|---|
| 001 | ##L132382 | ||
| 008 | 060201n2001 000 0 eng u | ||
| 035 | _a(Sirsi) u132382 | ||
| 041 | 0 | _aeng | |
| 050 | 0 | 4 | _a333.3321 $2 18 |
| 110 | 2 |
_aThai Valuers Association _94874 |
|
| 245 | 0 | 0 |
_aInternational Valuation Forum Bangkok _basset valuations in globalised markets _b2nd - 4th October 2001 at Le Royal Meridien Hotel _bpapers and proceedings |
| 260 |
_aBangkok _bThai Valuers Association _c2001 |
||
| 520 | _aReports on the topics examined in the plenary sessions presented at this forum. They include: the role of valuation in international economies; critical interfaces between valuation and other professions; and the future of valuation in real estate industry. | ||
| 690 | _aPROPERTY-BUSINESS ASSETS-BUSINESS ASSET VALUATION | ||
| 710 | 2 |
_bBangkok _cInternational Valuation Forum _94876 |
|
| 710 | 2 |
_aChulalongkorn University _94875 |
|
| 942 | _n0 | ||
| 999 |
_c105116 _d105116 |
||